| 000 | 00350nam a2200157Ia 4500 | ||
|---|---|---|---|
| 003 | LK-CoDNM | ||
| 008 | 010623t1939 xxu||||| |||| 00| 1 eng d | ||
| 040 |
_aLK-CoDNM _dLK-CoDNM _eLK-CoDNM |
||
| 041 | _aeng | ||
| 080 | _a15 D 36 | ||
| 100 | _aBalasingham,K. | ||
| 245 | _aLaw of things | ||
| 260 |
_b _c1939 |
||
| 300 | _b175p., 22 cm | ||
| 942 | _cBK | ||
| 999 |
_c99237 _d99237 |
||